| 000 | 00697cam a22002177i 4500 | ||
|---|---|---|---|
| 020 | _a0133915425 | ||
| 020 | _a978-93-325-8474-7 | ||
| 082 |
_a620.1 _bHIB |
||
| 100 | 1 |
_aHibbeler, R. C., _91019 |
|
| 245 | 1 | 0 |
_aEngineering mechanics. _cR.C. Hibbeler. _bStatistics and Dynamics |
| 250 | _aFourteenth edition. | ||
| 260 |
_aIndia, _bPearson, _c2016. |
||
| 300 |
_axxiii, 760 pages : _billustrations (some color) ; _c25 cm |
||
| 500 | _aIncludes index. | ||
| 526 |
_a0 _b0 _c0 _d620_100000000000000_HIB |
||
| 526 |
_a0 _b0 _c0 _d620_100000000000000_HIB |
||
| 526 |
_a0 _b0 _c0 _d620_100000000000000_HIB |
||
| 650 | 0 | _aMechanical engineering | |
| 650 | 0 |
_aMechanics, Applied _913090 |
|
| 942 |
_2ddc _cBK |
||
| 999 |
_c554044 _d554044 |
||